নেত্র নক্ষত্রে নক্ষত্রে / (Record no. 48312)
[ view plain ]
| 000 -LEADER | |
|---|---|
| fixed length control field | 00821nam a2200229 a 4500 |
| 001 - CONTROL NUMBER | |
| control field | 48312 |
| 003 - CONTROL NUMBER IDENTIFIER | |
| rucl marc code | BD-RjUL |
| 005 - DATE AND TIME OF LATEST TRANSACTION | |
| control field | 20211209054511.0 |
| 008 - FIXED-LENGTH DATA ELEMENTS--GENERAL INFORMATION | |
| fixed length control field | 160811s1971 bg ||||| |||| 00| 0 ben d |
| 035 ## - SYSTEM CONTROL NUMBER | |
| System control number | (BD-RjUL)48431 |
| 040 ## - CATALOGING SOURCE | |
| Original cataloging agency | BD-RjUL |
| Language of cataloging | ben |
| Transcribing agency | BD-RjUL |
| 041 ## - LANGUAGE CODE | |
| Language code of text/sound track or separate title | ben |
| 082 ## - DEWEY DECIMAL CLASSIFICATION NUMBER | |
| Edition number | 23 |
| Classification number | 831 |
| Author mark and year | GON 1971 |
| 100 1# - MAIN ENTRY--PERSONAL NAME | |
| Personal name | গল, ইভান |
| 9 (RLIN) | 145786 |
| 245 10 - TITLE STATEMENT | |
| Title | নেত্র নক্ষত্রে নক্ষত্রে / |
| Statement of responsibility, etc. | সানাউল হক(অনুবাদক) |
| 260 ## - PUBLICATION, DISTRIBUTION, ETC. (IMPRINT) | |
| Place of publication, distribution, etc. | ঢাকা : |
| Name of publisher, distributor, etc. | বাঙলা একাডেমী, |
| Date of publication, distribution, etc. | ১৯৭১ |
| 300 ## - PHYSICAL DESCRIPTION | |
| Pagination | ৪০ পৃ. ; |
| Size | ২১ সেমি. |
| 650 ## - SUBJECT ADDED ENTRY--TOPICAL TERM | |
| Topical term or geographic name as entry element | জার্মান |
| General subdivision | কবিতা |
| 9 (RLIN) | 145787 |
| Topical term or geographic name as entry element | German |
| General subdivision | Poetry |
| 9 (RLIN) | 144499 |
| 700 ## - ADDED ENTRY--PERSONAL NAME | |
| Personal name | হক, সানাউল (অনুবাদক) |
| 942 ## - ADDED ENTRY ELEMENTS (KOHA) | |
| Source of classification or shelving scheme | Dewey Decimal Classification |
| Koha item type | Books |
| Lost status | Source of classification or shelving scheme | Damaged status | Not for loan | Collection code | Permanent Location | Current Location | Shelving location | Date acquired | Source of acquisition | Cost, normal purchase price | Total Checkouts | Full call number | Date last seen | Copy number | Koha item type |
|---|---|---|---|---|---|---|---|---|---|---|---|---|---|---|---|
| Dewey Decimal Classification | Non-fiction | Central Library, University of Rajshahi | Central Library, University of Rajshahi | 06/01/1975 | Bangla Academy, Dhaka | 2.00 | B 831 GON 1971 | 13/08/2016 | C-2 | Books | |||||
| Dewey Decimal Classification | Non-fiction | Central Library, University of Rajshahi | Central Library, University of Rajshahi | 06/01/1975 | Bangla Academy, Dhaka | 2.00 | B 831 GON 1971 | 13/08/2016 | C-3 | Books | |||||
| Dewey Decimal Classification | Non-fiction | Central Library, University of Rajshahi | Central Library, University of Rajshahi | 06/01/1975 | Bangla Academy, Dhaka | 2.00 | B 831 GON 1971 | 13/08/2016 | C-4 | Books | |||||
| Dewey Decimal Classification | Non-fiction | Central Library, University of Rajshahi | Central Library, University of Rajshahi | 06/01/1975 | Bangla Academy, Dhaka | 2.00 | B 831 GON 1971 | 13/08/2016 | C-5 | Books | |||||
| Dewey Decimal Classification | Non-fiction | Central Library, University of Rajshahi | Central Library, University of Rajshahi | 06/01/1975 | Bangla Academy, Dhaka | 2.00 | B 831 GON 1971 | 13/08/2016 | C-6 | Books | |||||
| Dewey Decimal Classification | Non-fiction | Central Library, University of Rajshahi | Central Library, University of Rajshahi | 06/01/1975 | Bangla Academy, Dhaka | 2.00 | B 831 GON 1971 | 13/08/2016 | C-7 | Books | |||||
| Dewey Decimal Classification | Non-fiction | Central Library, University of Rajshahi | Central Library, University of Rajshahi | 06/01/1975 | Bangla Academy, Dhaka | 2.00 | B 831 GON 1971 | 13/08/2016 | C-8 | Books | |||||
| Dewey Decimal Classification | Non-fiction | Central Library, University of Rajshahi | Central Library, University of Rajshahi | 06/01/1975 | Bangla Academy, Dhaka | 2.00 | B 831 GON 1971 | 13/08/2016 | C-9 | Books | |||||
| Dewey Decimal Classification | Non-fiction | Central Library, University of Rajshahi | Central Library, University of Rajshahi | 06/01/1975 | Bangla Academy, Dhaka | 2.00 | B 831 GON 1971 | 13/08/2016 | C-10 | Books |